ბათუმის შოთა რუსთაველის სახელმწიფო უნივერსიტეტის ბიბლიოთეკა

Japan Copes with Calamity. (ბიბ.ჩანაწერი № 63940)

000 -LEADER
fixed length control field 00767nam a22002177a 4500
003 - CONTROL NUMBER IDENTIFIER
control field Ge_BSU
005 - DATE AND TIME OF LATEST TRANSACTION
control field 20260226113549.0
008 - FIXED-LENGTH DATA ELEMENTS--GENERAL INFORMATION
fixed length control field 260226s2015 enk||||| |||| 00| 0 eng d
020 ## - INTERNATIONAL STANDARD BOOK NUMBER
International Standard Book Number 9781906165512x
041 ## - LANGUAGE CODE
Language code of text/sound track or separate title eng
080 ## - UNIVERSAL DECIMAL CLASSIFICATION NUMBER
Universal Decimal Classification number 551.5(520) J-24
245 ## - TITLE STATEMENT
Title Japan Copes with Calamity.
Statement of responsibility, etc. Edited by T. Gill, B. Steger and D. Slater.
264 ## - PRODUCTION, PUBLICATION, DISTRIBUTION, MANUFACTURE, AND COPYRIGHT NOTICE
Place of production, publication, distribution, manufacture OXford
Name of producer, publisher, distributor, manufacturer Peter Lang Ltd,
Date of production, publication, distribution, manufacture, or copyright notice 2015.
300 ## - PHYSICAL DESCRIPTION
Extent 118 p. ;
Other physical details 24 cm.
653 ## - INDEX TERM--UNCONTROLLED
keyword იაპონია
653 ## - INDEX TERM--UNCONTROLLED
keyword ბრძოლა კატასტროფასთან
700 ## - ADDED ENTRY--PERSONAL NAME
Personal name Gill, Tom
Relator term რედაქტორი
9 (RLIN) 26976
700 ## - ADDED ENTRY--PERSONAL NAME
Personal name Steger, Brigitte
Relator term რედაქტორი
9 (RLIN) 26977
700 ## - ADDED ENTRY--PERSONAL NAME
Personal name Slater, David H.
Relator term რედაქტორი
9 (RLIN) 26978
942 ## - ADDED ENTRY ELEMENTS (KOHA)
Source of classification or shelving scheme
Koha item type წიგნი
ეგზემპლარები
Withdrawn status Lost status Source of classification or shelving scheme Damaged status Not for loan Permanent Location Current Location Shelving location Date acquired Cost, normal purchase price Full call number Barcode Date last seen Copy number Uniform Resource Identifier Price effective from Koha item type Public note
          ბათუმის შოთა რუსთაველის სახელმწიფო უნივერსიტეტის მთავარი ბიბლიოთეკა ბათუმის შოთა რუსთაველის სახელმწიფო უნივერსიტეტის მთავარი ბიბლიოთეკა წიგნსაცავი 2026-02-26 10.00 551.5(520) J-24 73821 2026-02-26 73821 იაპონიის ელჩის საჩუქარი 2026-02-26 წიგნი 10 ლ.